Normal view
MARC view
- Campos Alba, Élida Lucía
Entry Nombre Personal
001 - NUMERO DE CONTROL
- campo de control: 54554
003 - IDENTIFICADOR DE NUMERO DE CONTROL
- campo de control: MX-MxUPN
005 - FECHA Y HORA DE LA ÜLTIMA TRANSACCIÓN
- campo de control: 20241108170249.0
008 - DATOS DE LONGITUD FIJA
- campo de control de longitud fija: 241108nn acnnnaabn a aaa d
040 ## - FUENTE DE CATALOGACIÓN
- Agencia original de catalogación: MX-MxUPN
- Lenguaje de catalogación: spa
100 1# - ENCABEZAMIENTO - NOMBRE PERSONAL
- Nombre personal: Campos Alba, Élida Lucía
400 1# - VEÁSE - NOMBRE DE PERSONA
- Personal name: Alba, Élida Lucía Campos
670 ## - FUENTE EN LA QUE SE LOCALIZARON DATOS
- Cita de la fuente: De la escuela de párvulos a los jardines de niños, 2013 :
- Información localizada: portada (Élida Lucila Campos Alba)
902 ## - CATALOGADOR
- Catalogador: VíctorGodínez/081124
